Orosz Irodalmi Diákköri Dolgozatok 1.

Elmentve itt :
Bibliográfiai részletek
További közreműködők: Fejér Ádám
Dokumentumtípus: Folyóirat
Megjelent: József Attila Tudományegyetem Szeged 1984
Sorozat:Orosz Irodalmi Diákköri Dolgozatok 1
Kulcsszavak:Tudományos diákkör - orosz irodalom - tanulmányok, Orosz irodalom - diákköri tanulmányok
Online Access:http://acta.bibl.u-szeged.hu/44010
LEADER 00700nas a2200181 i 4500
001 acta44010
005 20240423080711.0
008 170109s1984 hu o 000 hun d
022 |a 0324-6523 
040 |a SZTE Egyetemi Kiadványok Repozitórium  |b hun 
041 |a hun 
245 0 0 |a Orosz Irodalmi Diákköri Dolgozatok 1.  |h [elektronikus dokumentum] 
260 |a József Attila Tudományegyetem  |b Szeged  |c 1984 
300 |a 219  |c 25 cm 
490 0 |a Orosz Irodalmi Diákköri Dolgozatok  |v 1 
695 |a Tudományos diákkör - orosz irodalom - tanulmányok, Orosz irodalom - diákköri tanulmányok 
700 0 1 |a Fejér Ádám 
856 4 0 |u http://acta.bibl.u-szeged.hu/44010/1/orosz_idd_001.pdf  |z Dokumentum-elérés